00314nam a22001337a 4500003001200000005001700012008004100029020000600070040001200076082001600088245003800104260001100142650002700153NUST - PNEC20170116181109.0151003b xxu||||| |||| 00| 0 eng d a- cLIBRARY a891.139 FAI aSelected poems of Faiz in english cc.1984 aEnglish poemsxGeneral